Slovensko na konci druhej svetovej vojny Stav, východiská a perspektívy. Zborník materiálov zo sympózia v Častej-Papierničke 23.11.-25.11.1993

Na minha lista:
Detalhes bibliográficos
Outros Autores: Bystrický, Valerián, Fano, Štefan
Formato: Livro
Idioma:eslovaco
Publicado em: Bratislava Historický ústav SAV 1994
Edição:1. vyd.
Assuntos:
Tags: Adicionar Tag
Sem tags, seja o primeiro a adicionar uma tag!

MARC

LEADER 00000nam a2200000 4500
001 c009787
005 20230117090206.9
020 |a 80-967150-1-1 
041 0 |a slo 
044 |a SK 
245 1 0 |a Slovensko na konci druhej svetovej vojny  |b Stav, východiská a perspektívy. Zborník materiálov zo sympózia v Častej-Papierničke 23.11.-25.11.1993  |c Red. Valerián Bystrický, Štefan Fano 
250 |a 1. vyd. 
264 1 |a Bratislava  |b Historický ústav SAV  |c 1994 
300 |a 272 s. 
610 2 0 |a Slovensko 
610 2 0 |a vojny 
610 2 0 |a politika vnútorná 
610 2 0 |a politika zahraničná 
610 2 0 |a poisťovníctvo 
700 1 |a Bystrický, Valerián 
700 1 |a Fano, Štefan